El patito feo / (Registro nro. 15820)

Detalles MARC
000 -LEADER
fixed length control field 01500nam a22002897a 4500
003 - CONTROL NUMBER IDENTIFIER
control field OSt
005 - DATE AND TIME OF LATEST TRANSACTION
control field 20221014123340.0
008 - FIXED-LENGTH DATA ELEMENTS--GENERAL INFORMATION
fixed length control field 220201s2016 ck a|||br|||| 00| 1 spa d
020 ## - INTERNATIONAL STANDARD BOOK NUMBER
International Standard Book Number 9789588959078
040 ## - CATALOGING SOURCE
Original cataloging agency CO-JMCR
Transcribing agency CO-JMCR
041 0# - LANGUAGE CODE
Language code of text/sound track or separate title spa
082 04 - DEWEY DECIMAL CLASSIFICATION NUMBER
Classification number C /
Item number ANDp
100 1# - MAIN ENTRY--PERSONAL NAME
Personal name Christian, Andersen Hans,
Relator term autor
9 (RLIN) 41909
245 13 - TITLE STATEMENT
Title El patito feo /
Statement of responsibility, etc. Hans Christian Andersen ; traductor, Juan Fernando Merino ; editor, Iván Hernández ; ilustradora, Daniela Gallego
250 ## - EDITION STATEMENT
Edition statement Primera edición
260 ## - PUBLICATION, DISTRIBUTION, ETC.
Place of publication, distribution, etc. Bogotá :
Name of publisher, distributor, etc. Ministerio de cultura,
Date of publication, distribution, etc. 2016.
300 ## - PHYSICAL DESCRIPTION
Extent 25, [6] páginas :
Other physical details ilustraciones a color ;
Dimensions 27 cm.
490 0# - SERIES STATEMENT
Series statement Leer es mi cuento ;
Volume/sequential designation 15
520 3# - SUMMARY, ETC.
Summary, etc. El Patito feo, cuento clásico de uno de los grandes escritores de cuentos de hadas, Hans Christian Andersen, ha sido desde hace muchos años leído con emoción por lectores de todas las edades. El Patito feo nos recuerda la necesidad de ser tolerantes, de aceptar a quienes piensan diferente, pertenecen a otra raza, cultura o religión ; la necesidad de respetar a todos aquellos que como nosotros viven en este mundo, ya que la única posibilidad de que la sociedad progrese reside en la tolerancia.
650 14 - SUBJECT ADDED ENTRY--TOPICAL TERM
Topical term or geographic name entry element Cuentos clásicos.
9 (RLIN) 41910
650 24 - SUBJECT ADDED ENTRY--TOPICAL TERM
Topical term or geographic name entry element Animales en la literatura.
650 24 - SUBJECT ADDED ENTRY--TOPICAL TERM
Topical term or geographic name entry element Cuentos infantiles.
700 1# - ADDED ENTRY--PERSONAL NAME
Personal name Merino, Juan Fernando,
Relator term traductor
9 (RLIN) 41911
700 1# - ADDED ENTRY--PERSONAL NAME
Personal name Hernández, Iván,
Relator term editor
9 (RLIN) 8307
700 1# - ADDED ENTRY--PERSONAL NAME
Personal name Gallego, Daniela,
Relator term ilustradora
9 (RLIN) 41913
942 ## - ADDED ENTRY ELEMENTS (KOHA)
Source of classification or shelving scheme Dewey Decimal Classification
Koha item type Books
Existencias
Withdrawn status Lost status Source of classification or shelving scheme Damaged status Not for loan Collection code Home library Current library Date acquired Source of acquisition Total Checkouts Full call number Barcode Date last seen Date last checked out Copy number Price effective from Koha item type
    Dewey Decimal Classification     Fiction Biblioteca Pública José María del Castillo y Rada Biblioteca Pública José María del Castillo y Rada 04/15/2016 Donación 7 C / ANDp 201811202 03/31/2026 03/31/2026 Ej.1 02/03/2022 Books